000 00322nam a22001457a 4500
008 210301b ||||| |||| 00| 0 eng d
020 _a9780527763145
041 _aeng
080 _a338
082 _a338
100 _a54
101 _aMEN
245 _aStrategic Planning in Healthcare
_cHorak, B.J
942 _2udc
_cBK
999 _c55363
_d55363